Hopper

Guardat en:
Dades bibliogràfiques
Autor principal: Strand, Mark (Autor)
Format: Llibre
Idioma:espanyol
Publicat: Barcelona Penguin Random House 2012
Edició:3a. ed
Col·lecció:Ensayo
Matèries:
Etiquetes: Afegir etiqueta
Sense etiquetes, Sigues el primer a etiquetar aquest registre!

MARC

LEADER 00000cam a2200000 a 4500
001 UCB0183
003 CL-VaPUC
005 20240805110247.0
008 191213e20120000sp spa d
999 |c 375864  |d 375862 
020 |a 9788426416476 
040 |c Pontificia Universidad Católica de Valparaíso 
082 0 4 |a 709.2 STR 2012  |2 21 
100 1 |a Strand, Mark  |e author  |9 417917 
245 1 0 |a Hopper 
250 |a 3a. ed 
260 |a Barcelona  |b Penguin Random House  |c 2012 
300 |a 115 p 
490 0 |a Ensayo 
583 |a last modification  |c 20191213 11:49:00  |k cmena 
600 1 7 |a HOPPER, EDWARD  |2 CL-VaPUC  |9 557632 
650 0 0 |a Arte contemporáneo  |9 338008 
650 0 0 |a Artistas   |y Siglo 20  |9 266651 
650 0 7 |a PINTORES SIGLO 20  |2 CL-VaPUC  |9 267827 
650 0 0 |a Crítica de arte  |9 334590 
942 |c BK  |2 ddc 
945 |a dcastane  |d 20191213 11:49:00 
952 |0 0  |1 0  |2 ddc  |4 0  |6 709_200000000000000_STR_2012  |7 0  |9 494964  |a BIBART  |b BIBART  |d 2019-12-11  |e 14  |g 12000.00  |i 5567637  |o 709.2 STR 2012  |p 5567637  |r 2025-03-13  |t 1  |v 12000.00  |w 2019-12-11  |y BK